Essentials of psychiatric-mental health nursing : (Record no. 171416)

MARC details
000 -LEADER
fixed length control field 01218nam a22003137a 4500
003 - CONTROL NUMBER IDENTIFIER
control field OSt
005 - DATE AND TIME OF LATEST TRANSACTION
control field 20250306104320.0
008 - FIXED-LENGTH DATA ELEMENTS--GENERAL INFORMATION
fixed length control field 250306b |||||||| |||| 00| 0 eng d
020 ## - INTERNATIONAL STANDARD BOOK NUMBER
International Standard Book Number 9780323625111 (paperback)
040 ## - CATALOGING SOURCE
Original cataloging agency NUST
Language of cataloging eng
Transcribing agency NUST
Modifying agency NUST
Description conventions rda
050 ## - LIBRARY OF CONGRESS CALL NUMBER
Classification number RC440 VAR
100 ## - MAIN ENTRY--PERSONAL NAME
Personal name Varcarolis, Elizabeth M
Relator term Author
245 ## - TITLE STATEMENT
Title Essentials of psychiatric-mental health nursing :
Remainder of title a communication approach to evidence-based care /
Statement of responsibility, etc. Elizabeth M. Varcarolis, Chyllia D. Fosbre ; section editor, Lorraine Chiappetta.
250 ## - EDITION STATEMENT
Edition statement Fourth edition.
260 ## - PUBLICATION, DISTRIBUTION, ETC.
Place of publication, distribution, etc. St. Louis, Missouri :
Name of publisher, distributor, etc. Elsevier,
Date of publication, distribution, etc. 2021.
300 ## - PHYSICAL DESCRIPTION
Extent xvii, 478 pages :
Other physical details illustrations ;
Dimensions 28 cm.
336 ## - CONTENT TYPE
Source rdamedia
Content type term text
Content type code txt
337 ## - MEDIA TYPE
Source rdamedia
Media type term unmediated
Media type code n
338 ## - CARRIER TYPE
Source rdamedia
Carrier type term volume
Carrier type code nc
504 ## - BIBLIOGRAPHY, ETC. NOTE
Bibliography, etc. note Includes bibliographical references and index.
650 ## - SUBJECT ADDED ENTRY--TOPICAL TERM
Form subdivision Psychiatric nursing.
650 ## - SUBJECT ADDED ENTRY--TOPICAL TERM
Form subdivision Evidence-based nursing.
650 ## - SUBJECT ADDED ENTRY--TOPICAL TERM
Form subdivision Mental Disorders -- nursing.
650 ## - SUBJECT ADDED ENTRY--TOPICAL TERM
Form subdivision Psychiatric Nursing -- methods.
650 ## - SUBJECT ADDED ENTRY--TOPICAL TERM
Form subdivision Evidence-Based Nursing.
700 ## - ADDED ENTRY--PERSONAL NAME
Personal name Fosbre, Chyllia D
Relator term Author
700 ## - ADDED ENTRY--PERSONAL NAME
Personal name Chiappetta, Lorraine
Relator term Editor
942 ## - ADDED ENTRY ELEMENTS (KOHA)
Source of classification or shelving scheme Library of Congress Classification
Koha item type Ordinary Loan Books
Edition Fourth edition.
Classification part RC440 VAR
Call number prefix RC
Call number suffix VAR
Suppress in OPAC No
Holdings
Withdrawn status Lost status Source of classification or shelving scheme Damaged status Not for loan Collection Home library Current library Shelving location Date acquired Source of acquisition Cost, normal purchase price Total Checkouts Full call number Barcode Date last seen Accession number Cost, replacement price Price effective from Koha item type Public note
    LCC     NFIC MEDICAL MEDICAL GEN 03/06/2025 Book Aid International 37.21   RC440 VAR 92004054529 03/06/2025 62413 37.21 03/06/2025 BOOKS Donation